000 00337nam a2200121Ia 4500
008 200103s9999||||xx |||||||||||||| ||und||
040 _aIMU-MPC
082 _aColumn-43
100 _aThe Technical Press, Ltd. London
245 0 _aBasic Synchros and Servomechanisms Part 1
260 _bThe Technical Press, Ltd. London
_c1955
942 _cBK
999 _c8764
_d8764